[Event "Warsaw Najdorf Memorial op-A 22nd"]
[Site "Warsaw"]
[Date "2025.07.14"]
[Round "7"]
[White "Tabak, Stefan"]
[Black "Bachor, Tomasz"]
[Result "0-1"]
[WhiteElo "2097"]
[BlackElo "2083"]
[PlyCount "44"]
[EventDate "2025.07.08"]
[EventType "swiss"]
[EventRounds "9"]
[EventCountry "POL"]
[SourceTitle "CB29_2025"]
[SourceDate "2025.07.16"]
[SourceVersion "1"]
[SourceVersionDate "2025.07.16"]
[SourceQuality "1"]

1. e4 c5 2. Nf3 d6 3. d4 cxd4 4. Nxd4 Nf6 5. Nc3 a6 6. f3 e6 7. Be3 b5 8. a3 Nbd7 9. g4 Nb6 10. Qd2 Bb7 11. 0-0-0 Rc8 12. Kb1 Nfd7 13. h4 Ne5 14. b3 d5 15. Ncxb5 axb5 16. Bxb5+ Ned7 17. exd5 Nxd5 18. c4 Bxa3 19. cxd5 Bxd5 20. Nf5 0-0 21. Nxg7 Rb8 22. Bc4 Bxc4 0-1

[Event "Warsaw Maciei Memorial"]
[Site "Warsaw"]
[Date "2025.07.07"]
[Round "11"]
[White "Bachor, Tomasz"]
[Black "Niezhentsev, Kyrylo"]
[Result "0-1"]
[WhiteElo "2083"]
[BlackElo "2207"]
[PlyCount "64"]
[EventDate "2025.07.07"]
[EventType "swiss (blitz)"]
[EventRounds "11"]
[EventCountry "POL"]
[SourceTitle "CB28_2025"]
[SourceDate "2025.07.09"]
[SourceVersion "1"]
[SourceVersionDate "2025.07.09"]
[SourceQuality "1"]

1. c4 e5 2. Nc3 Nf6 3. Nf3 Nc6 4. g3 d5 5. cxd5 Nxd5 6. Bg2 Nb6 7. Rb1 a5 8. d3 Be7 9. Be3 Be6 10. Bxb6 cxb6 11. Qa4 0-0 12. 0-0 f6 13. Nb5 Qd7 14. a3 Rac8 15. Qh4 f5 16. Qh5 f4 17. Ng5 Bxg5 18. Qxg5 Rf5 19. Qh4 Rf6 20. Be4 Rh6 21. Qg5 Rf8 22. Nc3 Bf5 23. Bd5+ Kh8 24. e4 Bh3 25. Rfc1 Rg6 26. Qh4 Rg4 27. Qh5 fxg3 28. hxg3 Rg6 29. Bxc6 bxc6 30. Qxe5 Qxd3 31. Rd1 Qf3 32. Rd2 Qg2# 0-1

[Event "Katowice rapid op"]
[Site "Katowice"]
[Date "2025.05.31"]
[Round "2"]
[White "Bachor, Tomasz"]
[Black "Becker, Krzysztof"]
[Result "1-0"]
[WhiteElo "2073"]
[BlackElo "1829"]
[PlyCount "67"]
[EventDate "2025.05.31"]
[EventType "swiss"]
[EventRounds "11"]
[EventCountry "POL"]
[SourceTitle "CB24_2025"]
[SourceDate "2025.06.11"]
[SourceVersion "1"]
[SourceVersionDate "2025.06.11"]
[SourceQuality "1"]

1. c4 c5 2. Nf3 Nc6 3. d4 cxd4 4. Nxd4 g6 5. g3 Bg7 6. Nc2 Nf6 7. Bg2 d6 8. 0-0 0-0 9. Nc3 Be6 10. b3 Rc8 11. Ne3 a6 12. Bb2 Qa5 13. a3 b5 14. b4 Qb6 15. cxb5 axb5 16. Qd3 Rb8 17. Qxb5 Nd4 18. Qxb6 Rxb6 19. Rfd1 Nd7 20. Rab1 Rbb8 21. Kf1 Rfc8 22. Ncd5 Bxd5 23. Nxd5 Nc6 24. Bxg7 Kxg7 25. b5 Nce5 26. Nxe7 Rc3 27. a4 Nc5 28. a5 Ra3 29. a6 Ra5 30. Nc6 Nxc6 31. Bxc6 Rb6 32. Ra1 Nb3 33. Rxa5 Nxa5 34. a7 1-0

[Event "Polanica Zdroj op 60th"]
[Site "Polanica Zdroj"]
[Date "2024.08.24"]
[Round "8"]
[White "Eggink, Mateusz"]
[Black "Bachor, Tomasz"]
[Result "0-1"]
[WhiteElo "2148"]
[BlackElo "2055"]
[PlyCount "92"]
[EventDate "2024.08.17"]
[EventType "swiss"]
[EventRounds "9"]
[EventCountry "POL"]
[SourceTitle "CBM 221 Extra"]
[Source "ChessBase"]
[SourceDate "2024.09.30"]
[SourceVersion "1"]
[SourceVersionDate "2024.09.30"]
[SourceQuality "1"]

1. d4 Nf6 2. c4 g6 3. Nc3 Bg7 4. g3 0-0 5. Bg2 d6 6. Nf3 Nbd7 7. 0-0 c6 8. e4 e5 9. h3 Qc7 10. Be3 Re8 11. Qd2 b6 12. Rfe1 Bb7 13. Rad1 a6 14. a3 exd4 15. Bxd4 Ne5 16. Nxe5 dxe5 17. Be3 Rad8 18. Qc2 Nd7 19. c5 b5 20. b4 Nf8 21. f4 Bc8 22. f5 Bf6 23. g4 Bh4 24. Rf1 f6 25. Bf3 Kg7 26. Qa2 h6 27. Be2 Nh7 28. Kg2 a5 29. bxa5 Qxa5 30. Qb3 Re7 31. Rd6 Qc7 32. Rfd1 Red7 33. Rxd7+ Rxd7 34. a4 bxa4 35. Nxa4 Ng5 36. Qc4 Rd4 37. Bxd4 exd4 38. Rd3 Qf4 39. fxg6 Qf2+ 40. Kh1 Qe1+ 41. Kg2 Qxe2+ 42. Kh1 Qxe4+ 43. Kg1 Qe1+ 44. Kg2 Qf2+ 45. Kh1 Qf1+ 46. Kh2 Nf3+ 0-1

[Event "Polanica Zdroj op 60th"]
[Site "Polanica Zdroj"]
[Date "2024.08.22"]
[Round "6"]
[White "Galymbek, Alikhan"]
[Black "Bachor, Tomasz"]
[Result "1/2-1/2"]
[WhiteElo "1970"]
[BlackElo "2055"]
[PlyCount "88"]
[EventDate "2024.08.17"]
[EventType "swiss"]
[EventRounds "9"]
[EventCountry "POL"]
[SourceTitle "CBM 221 Extra"]
[Source "ChessBase"]
[SourceDate "2024.09.30"]
[SourceVersion "1"]
[SourceVersionDate "2024.09.30"]
[SourceQuality "1"]

1. e4 c5 2. Nf3 d6 3. Bb5+ Nd7 4. a4 Ngf6 5. Nc3 g6 6. 0-0 a6 7. Be2 Bg7 8. a5 0-0 9. d3 b5 10. axb6 Bb7 11. Nd2 Nxb6 12. Nb3 Qc7 13. Na5 Nfd7 14. f4 Ra7 15. Bf3 Ba8 16. Be3 Rb8 17. Qd2 f5 18. Qe2 e6 19. exf5 exf5 20. Bd2 Nf6 21. Qe6+ Kf8 22. Bxa8 Raxa8 23. Nc4 Nxc4 24. Qxc4 Rxb2 25. Rxa6 Rxa6 26. Qxa6 Ng4 27. h3 Bd4+ 28. Kh1 Nf6 29. Nb5 Qd7 30. Nxd6 Rxc2 31. Rb1 Rb2 32. Rxb2 Bxb2 33. Be3 Bd4 34. Bxd4 cxd4 35. Qb6 Qe6 36. Qd8+ Kg7 37. Qc7+ Kf8 38. Kh2 Qe7 39. Qxe7+ Kxe7 40. Nc4 Nd5 41. Kg3 Nc7 42. Kf3 Ne6 43. g4 Nc5 44. Ne5 fxg4+ 1/2-1/2

[Event "Polanica Zdroj op 59th"]
[Site "Polanica Zdroj"]
[Date "2023.08.21"]
[Round "3"]
[White "Golecki, Jan"]
[Black "Bachor, Tomasz"]
[Result "1-0"]
[WhiteElo "2162"]
[BlackElo "2025"]
[PlyCount "73"]
[EventDate "2023.08.19"]
[EventType "swiss"]
[EventRounds "9"]
[EventCountry "POL"]
[SourceTitle "CBM 215 Extra"]
[Source "ChessBase"]
[SourceDate "2023.09.30"]
[SourceVersion "1"]
[SourceVersionDate "2023.09.30"]
[SourceQuality "1"]

1. e4 c5 2. Nf3 e6 3. d4 cxd4 4. Nxd4 Nc6 5. Nc3 Qc7 6. Be2 a6 7. 0-0 Nf6 8. Be3 Be7 9. f4 d6 10. Kh1 0-0 11. Qe1 Nxd4 12. Bxd4 b5 13. a3 Bb7 14. Qg3 Rad8 15. Rae1 Rd7 16. Bd3 Re8 17. Nd1 g6 18. Ne3 Nh5 19. Qh3 Bf8 20. f5 e5 21. Bc3 Rdd8 22. a4 Qb6 23. fxg6 fxg6 24. axb5 axb5 25. Be2 b4 26. Rxf8+ Rxf8 27. Qe6+ Rf7 28. Bc4 Qc7 29. Bxb4 Rdd7 30. Qe8+ Kg7 31. Bxf7 Rxf7 32. Qe6 Rd7 33. Rd1 Nf4 34. Qe8 Bxe4 35. Bxd6 Rxd6 36. Qxe5+ Kg8 37. Rxd6 1-0

[Event "POL-chT U18 1st"]
[Site "Poland"]
[Date "2022.07.01"]
[Round "7.2"]
[White "Bachor, Tomasz"]
[Black "Bartodziej, Bartosz"]
[Result "1/2-1/2"]
[WhiteElo "1971"]
[BlackElo "1809"]
[PlyCount "75"]
[EventDate "2022.06.25"]
[EventType "team-swiss"]
[EventRounds "9"]
[EventCountry "POL"]
[SourceTitle "EXT 2023"]
[Source "ChessBase"]
[SourceDate "2022.10.05"]
[SourceVersion "1"]
[SourceVersionDate "2022.10.05"]
[SourceQuality "1"]
[WhiteTeam "Katowice Hetman Szopienice"]
[BlackTeam "Warszawa Polonia"]
[WhiteTeamCountry "POL"]
[BlackTeamCountry "POL"]

1. d4 Nf6 2. c4 g6 3. g3 c6 4. Bg2 d5 5. Qa4 dxc4 6. Qxc4 Be6 7. Qa4 Bg7 8. Nc3 0-0 9. Nf3 Nbd7 10. 0-0 Nb6 11. Qc2 Nfd5 12. Rd1 Nxc3 13. bxc3 h6 14. e4 Nc4 15. Nd2 Nxd2 16. Bxd2 Bc4 17. Rab1 b5 18. Bf1 Bxf1 19. Kxf1 Qd7 20. Be3 a6 21. Kg2 h5 22. h4 Rfc8 23. Qb3 Rd8 24. a4 Qg4 25. f3 Qd7 26. c4 Qa7 27. c5 e6 28. d5 exd5 29. exd5 bxa4 30. Qxa4 cxd5 31. Bg5 Rdc8 32. c6 Qc5 33. Rbc1 Qd6 34. Bf4 Be5 35. Bxe5 Qxe5 36. Qa2 d4 37. Qc4 Ra7 38. Qxd4 1/2-1/2

[Event "POL-chT U18 1st"]
[Site "Poland"]
[Date "2022.06.26"]
[Round "2.2"]
[White "Klaska, Szymon"]
[Black "Bachor, Tomasz"]
[Result "0-1"]
[WhiteElo "1563"]
[BlackElo "1971"]
[PlyCount "116"]
[EventDate "2022.06.25"]
[EventType "team-swiss"]
[EventRounds "9"]
[EventCountry "POL"]
[SourceTitle "EXT 2023"]
[Source "ChessBase"]
[SourceDate "2022.10.05"]
[SourceVersion "1"]
[SourceVersionDate "2022.10.05"]
[SourceQuality "1"]
[WhiteTeam "Kalisz KTS"]
[BlackTeam "Katowice Hetman Szopienice"]
[WhiteTeamCountry "POL"]
[BlackTeamCountry "POL"]

1. e4 c5 2. Nf3 d6 3. d4 cxd4 4. Nxd4 Nf6 5. Nc3 Nc6 6. Bg5 e6 7. Bc4 a6 8. 0-0 Be7 9. Qd2 Bd7 10. a4 Rc8 11. Be2 0-0 12. Kh1 Qb6 13. Be3 Qc7 14. f4 Rfd8 15. Bf3 Na5 16. Rae1 Nc4 17. Qc1 Nxe3 18. Qxe3 Bc6 19. g4 e5 20. Nf5 Bf8 21. fxe5 dxe5 22. Qg5 Kh8 23. Bg2 Ng8 24. Nd5 Bxd5 25. exd5 f6 26. Qh4 g6 27. Ne3 Qg7 28. Be4 Be7 29. Qh3 Nh6 30. d6 Bxd6 31. Nd5 Ng8 32. Qf3 Rf8 33. Nb6 Rc7 34. Nd5 Rcf7 35. Ne3 Nh6 36. Bd5 Rc7 37. c3 b5 38. axb5 axb5 39. Rd1 Bc5 40. Ng2 f5 41. g5 Nf7 42. Bxf7 Rcxf7 43. Qc6 Be7 44. h4 b4 45. cxb4 Bxb4 46. Qb5 Rb7 47. Qc4 Ba5 48. b3 Bb6 49. Rfe1 Bd4 50. Nf4 exf4 51. Rxd4 Rxb3 52. Rxf4 Qb7+ 53. Kh2 Rd8 54. Rf2 Rb4 55. Qc3+ Kg8 56. Qf6 Rxh4+ 57. Kg3 Rd3+ 58. Kxh4 Qb4+ 0-1

[Event "POL-chT U18 1st"]
[Site "Poland"]
[Date "2022.06.25"]
[Round "1.2"]
[White "Bachor, Tomasz"]
[Black "Lysakowski, Kamil"]
[Result "1-0"]
[WhiteElo "1971"]
[BlackElo "1859"]
[PlyCount "61"]
[EventDate "2022.06.25"]
[EventType "team-swiss"]
[EventRounds "9"]
[EventCountry "POL"]
[SourceTitle "EXT 2023"]
[Source "ChessBase"]
[SourceDate "2022.10.05"]
[SourceVersion "1"]
[SourceVersionDate "2022.10.05"]
[SourceQuality "1"]
[WhiteTeam "Katowice Hetman Szopienice"]
[BlackTeam "Czerwionka Leszczyny Skoczek"]
[WhiteTeamCountry "POL"]
[BlackTeamCountry "POL"]

1. e4 c6 2. d4 d5 3. e5 c5 4. dxc5 e6 5. a3 Qc7 6. Nf3 Nd7 7. Bf4 Bxc5 8. b4 Bf8 9. Bd3 Ne7 10. Qe2 Ng6 11. Bg3 a5 12. b5 Bc5 13. 0-0 0-0 14. Nbd2 a4 15. Kh1 Bb6 16. c4 d4 17. Ne4 Bc5 18. h4 b6 19. h5 Ne7 20. Nf6+ gxf6 21. exf6 Qd8 22. fxe7 Qxe7 23. Qe4 Nf6 24. Qxa8 Bb7 25. Qxa4 Bxf3 26. gxf3 Nxh5 27. Qd1 Kh8 28. f4 Nxf4 29. Bxf4 Qh4+ 30. Bh2 f5 31. f4 1-0

[Event "POL-ch U18"]
[Site "Sypniewo"]
[Date "2022.03.27"]
[Round "9"]
[White "Skurniak, Szymon"]
[Black "Bachor, Tomasz"]
[Result "1/2-1/2"]
[WhiteElo "2032"]
[BlackElo "2041"]
[PlyCount "78"]
[EventDate "2022.03.19"]
[EventType "swiss"]
[EventRounds "9"]
[EventCountry "POL"]
[SourceTitle "CBM 207 Extra"]
[Source "ChessBase"]
[SourceDate "2022.05.31"]
[SourceVersion "1"]
[SourceVersionDate "2022.05.31"]
[SourceQuality "1"]

1. e4 c5 2. Nf3 e6 3. d4 cxd4 4. Nxd4 a6 5. c4 Nf6 6. Nc3 Bb4 7. Bd3 Nc6 8. Nc2 Bxc3+ 9. bxc3 d5 10. exd5 exd5 11. Qe2+ Be6 12. Bg5 Qa5 13. Bxf6 gxf6 14. 0-0 0-0-0 15. Nb4 Ne5 16. cxd5 Bxd5 17. Nxd5 Rxd5 18. Be4 Rd6 19. Rab1 b6 20. f4 Nd7 21. Rf2 Kb8 22. Bf3 Nc5 23. Qe7 Rhd8 24. Rfb2 R8d7 25. Qe8+ Kc7 26. Qa8 Qxc3 27. Qa7+ Kd8 28. Qb8+ Ke7 29. Re2+ Re6 30. Rxe6+ Nxe6 31. Qxb6 Qd4+ 32. Qxd4 Rxd4 33. g3 Nc5 34. Rb6 Rd6 35. Rb8 Rd2 36. Rc8 Ne6 37. f5 Nd4 38. Be4 Kd6 39. Rf8 Ke5 1/2-1/2

[Event "Rubinstein Memorial op-A 57th"]
[Site "Polanica Zdroj"]
[Date "2021.08.18"]
[Round "5"]
[White "Luberanski, Jakub"]
[Black "Bachor, Tomasz"]
[Result "1/2-1/2"]
[WhiteElo "2247"]
[BlackElo "1978"]
[PlyCount "82"]
[EventDate "2021.08.14"]
[EventType "swiss"]
[EventRounds "9"]
[EventCountry "POL"]
[SourceTitle "CBM 203 Extra"]
[Source "ChessBase"]
[SourceDate "2021.09.30"]
[SourceVersion "1"]
[SourceVersionDate "2021.09.30"]
[SourceQuality "1"]

1. d4 Nf6 2. c4 g6 3. Nc3 Bg7 4. e4 d6 5. Nf3 0-0 6. Be2 Nbd7 7. 0-0 e5 8. Re1 Re8 9. Bf1 a6 10. d5 a5 11. b3 Nh5 12. Bg5 f6 13. Be3 f5 14. exf5 gxf5 15. Bg5 Bf6 16. Bxf6 Ndxf6 17. Qd2 Kh8 18. c5 Rg8 19. cxd6 cxd6 20. Ng5 Qe7 21. Rad1 Ng4 22. Ne6 Bxe6 23. dxe6 Qh4 24. h3 Ngf6 25. Qxd6 Nf4 26. Re3 Ra6 27. Qxe5 Rxe6 28. Qxf4 Qxf4 29. Rxe6 Qg5 30. Rdd6 Nh5 31. Nd5 Nf4 32. Nxf4 Qxf4 33. Rd7 Qh4 34. Ree7 Qxh3 35. Rxb7 f4 36. Rg7 Qh6 37. Rxg8+ Kxg8 38. Bd3 Qc6 39. Bc4+ Kh8 40. Ra7 Qc5 41. Rf7 Qd6 1/2-1/2

[Event "POL-ch U18"]
[Site "Szklarska Poreba"]
[Date "2021.03.15"]
[Round "3"]
[White "Bachor, Tomasz"]
[Black "Panek, Bartosz"]
[Result "1/2-1/2"]
[WhiteElo "2035"]
[BlackElo "1929"]
[PlyCount "110"]
[EventDate "2021.03.13"]
[EventType "swiss"]
[EventRounds "9"]
[EventCountry "POL"]
[SourceTitle "CBM 201 Extra"]
[Source "ChessBase"]
[SourceDate "2021.05.31"]
[SourceVersion "1"]
[SourceVersionDate "2021.05.31"]
[SourceQuality "1"]

1. d4 d5 2. c4 e6 3. Nc3 Nf6 4. cxd5 exd5 5. Bg5 c6 6. e3 Bf5 7. Qf3 Bg6 8. Bxf6 Qxf6 9. Qxf6 gxf6 10. Kd2 Nd7 11. Bd3 Nb6 12. h4 h5 13. Nge2 Bd6 14. Rh3 Rg8 15. Rg1 Ke7 16. Rf3 Bh2 17. Rh1 Bd6 18. g3 Nd7 19. Nf4 Bxf4 20. Rxf4 Nf8 21. Rc1 Ne6 22. Rf3 Rac8 23. b4 a6 24. a4 Ra8 25. a5 Rac8 26. Bf5 Rgd8 27. Rg1 Rg8 28. Na4 Rb8 29. Bxe6 fxe6 30. g4 Bf5 31. Rfg3 Rxg4 32. f3 Rxg3 33. Rxg3 Kf7 34. Nc5 Bh7 35. Rg1 Bf5 36. Rg2 Bh7 37. Kc3 Bf5 38. Rg1 Bh3 39. Rg3 Bf5 40. Rg2 Bh3 41. Rg1 Bf5 42. Rg3 Bg6 43. e4 dxe4 44. fxe4 Bh7 45. Kc4 b6 46. axb6 Rxb6 47. Ra3 Ke7 48. e5 fxe5 49. dxe5 Bf5 50. Nxa6 Be4 51. Nc5 Bd5+ 52. Kc3 Kf7 53. Ra1 Rb8 54. Rf1+ Ke7 55. Rg1 Rf8 1/2-1/2

[Event "POL-ch U16"]
[Site "Szklarska Poreba"]
[Date "2020.03.13"]
[Round "7"]
[White "Dalkowski, Rafal"]
[Black "Bachor, Tomasz"]
[Result "0-1"]
[WhiteElo "1893"]
[BlackElo "2105"]
[PlyCount "82"]
[EventDate "2020.03.07"]
[EventType "swiss"]
[EventRounds "8"]
[EventCountry "POL"]
[SourceTitle "CBM 195 Extra"]
[Source "ChessBase"]
[SourceDate "2020.05.31"]
[SourceVersion "1"]
[SourceVersionDate "2020.05.31"]
[SourceQuality "1"]

1. d4 Nf6 2. c4 g6 3. Nc3 Bg7 4. e4 d6 5. f3 0-0 6. Be3 Nc6 7. Nge2 a6 8. g4 h5 9. gxh5 Nxh5 10. Qd2 e5 11. d5 Ne7 12. 0-0-0 f5 13. Kb1 f4 14. Bf2 b6 15. Nc1 Bd7 16. Ka1 Bf6 17. Nd3 Kf7 18. Be2 Rh8 19. Rc1 g5 20. b4 a5 21. c5 axb4 22. cxd6 bxc3 23. dxe7 cxd2 24. exd8N+ Raxd8 25. Rcd1 Bb5 26. Rhf1 Bxd3 27. Bxd3 Be7 28. Rxd2 Nf6 29. Bg1 Bd6 30. Rff2 Rdg8 31. Rg2 Rh3 32. Be2 g4 33. Bd1 gxf3 34. Rxg8 Kxg8 35. Bc2 Ng4 36. Ba4 f2 37. Bxf2 Rxh2 38. Be1 Rxd2 39. Bxd2 f3 40. Bb5 f2 41. Kb2 Nh2 0-1

[Event "POL-ch U16"]
[Site "Szklarska Poreba"]
[Date "2020.03.12"]
[Round "6"]
[White "Bachor, Tomasz"]
[Black "Czopor, Maciej"]
[Result "0-1"]
[WhiteElo "2105"]
[BlackElo "2196"]
[PlyCount "118"]
[EventDate "2020.03.07"]
[EventType "swiss"]
[EventRounds "8"]
[EventCountry "POL"]
[SourceTitle "CBM 195 Extra"]
[Source "ChessBase"]
[SourceDate "2020.05.31"]
[SourceVersion "1"]
[SourceVersionDate "2020.05.31"]
[SourceQuality "1"]

1. d4 Nf6 2. c4 e6 3. Nc3 Bb4 4. e3 d5 5. Bd3 e5 6. a3 Bxc3+ 7. bxc3 e4 8. Be2 c6 9. h4 0-0 10. Nh3 Nbd7 11. Nf4 dxc4 12. Bxc4 Nb6 13. Be2 Nfd5 14. Nxd5 cxd5 15. a4 Qc7 16. Qb3 Be6 17. a5 Nd7 18. Ba3 Rfc8 19. Bb4 Nf6 20. g3 Qd7 21. Qa4 Qd8 22. h5 h6 23. Rh4 Bd7 24. Qa3 Qe8 25. Rb1 Bb5 26. Qa2 Bxe2 27. Qxe2 Nh7 28. Kf1 Ng5 29. Kg2 Qd7 30. Qg4 Qc6 31. Qf5 Re8 32. Rf4 b6 33. Ra1 Re6 34. Qg4 b5 35. Bc5 a6 36. Rh1 Rae8 37. Rf5 Rf6 38. Qf4 Rxf5 39. Qxf5 Qe6 40. Qf4 Nf3 41. Qc7 Rc8 42. Qb6 Rc6 43. Qb8+ Kh7 44. Bb4 Qf5 45. Qf4 Qd7 46. g4 Rf6 47. Qg3 Ng5 48. Rh4 Qc6 49. Bc5 b4 50. cxb4 Qb5 51. Bd6 Rf3 52. Qh2 Qe2 53. Qg1 Rxe3 54. Qf1 Qf3+ 55. Kg1 Rd3 56. Kh2 Rd1 57. Qg2 Qd3 58. Bf4 Nf3+ 59. Kh3 Rg1 0-1

[Event "Krakow op-A 30th"]
[Site "Krakow"]
[Date "2019.12.29"]
[Round "3"]
[White "Nowak, Lukasz1"]
[Black "Bachor, Tomasz"]
[Result "1/2-1/2"]
[WhiteElo "2301"]
[BlackElo "2101"]
[PlyCount "33"]
[EventDate "2019.12.27"]
[EventType "swiss"]
[EventRounds "9"]
[EventCountry "POL"]
[SourceTitle "CBM 195 Extra"]
[Source "ChessBase"]
[SourceDate "2020.05.31"]
[SourceVersion "1"]
[SourceVersionDate "2020.05.31"]
[SourceQuality "1"]

1. d4 Nf6 2. c4 g6 3. Nc3 Bg7 4. e4 d6 5. Be2 0-0 6. Bg5 Nbd7 7. Qd2 e5 8. d5 a5 9. h4 Nc5 10. f3 h5 11. 0-0-0 a4 12. Nh3 Bd7 13. Nf2 Qb8 14. g4 Qa7 15. Rdf1 a3 16. b3 Nxb3+ 17. axb3 1/2-1/2

[Event "Suwalki Warakomska Memorial 3rd"]
[Site "Suwalki"]
[Date "2019.08.10"]
[Round "7"]
[White "Bachor, Tomasz"]
[Black "Nowak, Lukasz1"]
[Result "0-1"]
[WhiteElo "2027"]
[BlackElo "2257"]
[PlyCount "108"]
[EventDate "2019.08.05"]
[EventType "swiss"]
[EventRounds "9"]
[EventCountry "POL"]
[SourceTitle "CBM 191 Extra"]
[Source "ChessBase"]
[SourceDate "2019.09.30"]
[SourceVersion "1"]
[SourceVersionDate "2019.09.30"]
[SourceQuality "1"]

1. d4 Nf6 2. c4 e6 3. Nc3 Bb4 4. e3 0-0 5. Bd3 d5 6. a3 Bxc3+ 7. bxc3 dxc4 8. Bxc4 c5 9. Nf3 Qc7 10. Ba2 b5 11. 0-0 Bb7 12. Re1 Nbd7 13. Bb2 Nb6 14. Bb3 Rfd8 15. Ne5 Rab8 16. f3 Nc4 17. Bxc4 bxc4 18. Qc2 Ba6 19. Qa4 Rd6 20. Rab1 Rdb6 21. Qc2 cxd4 22. cxd4 Qb7 23. Nxc4 Bxc4 24. Qxc4 Rxb2 25. Rxb2 Qxb2 26. Qc7 a6 27. Rc1 h5 28. Rc2 Qb6 29. Qxb6 Rxb6 30. Rc8+ Kh7 31. Ra8 Nd5 32. e4 Nf4 33. Kf2 g5 34. g3 Rb2+ 35. Kf1 Ng2 36. Rxa6 Ne3+ 37. Ke1 Rxh2 38. d5 exd5 39. exd5 Nc2+ 40. Kd1 Nd4 41. a4 Nxf3 42. Rf6 g4 43. d6 Kg7 44. Rf5 Rd2+ 45. Kc1 Rxd6 46. Rxh5 Ra6 47. a5 f6 48. Rb5 Ne5 49. Kc2 Nc6 50. Rb6 Rxb6 51. axb6 f5 52. Kd3 Kf6 53. Kc4 Ke5 54. Kc5 Nd8 0-1